000
00262nam a22000857a 4500
008
170112b xxu||||| |||| 00| 0 eng d
100
_9
2370
_a
Kumar. S
245
_a
The Land of thus & so English- Main Course- Teachers Copy-1
260
_a
New Delhi
_b
Frank brothers
_c
2007
999
_c
5356
_d
5356